[Event "Heusenstamm Sparkassen op 11th"]
[Site "Heusenstamm"]
[Date "2024.11.24"]
[Round "6"]
[White "Marcziter, Alex"]
[Black "Blomer, Moritz"]
[Result "1/2-1/2"]
[WhiteElo "1988"]
[BlackElo "1890"]
[PlyCount "94"]
[EventDate "2024.11.21"]
[EventType "swiss"]
[EventRounds "7"]
[EventCountry "GER"]
[SourceTitle "CB51_2024"]
[SourceDate "2024.12.18"]
[SourceVersion "1"]
[SourceVersionDate "2024.12.18"]
[SourceQuality "1"]

1. e4 e6 2. d4 d5 3. e5 c5 4. c3 Qb6 5. Nf3 Nc6 6. a3 Nh6 7. b4 cxd4 8. cxd4 Nf5 9. Bb2 Bd7 10. g4 Nfe7 11. Nc3 Na5 12. Na4 Qc6 13. b5 Qc7 14. Nc5 Nc4 15. Bxc4 dxc4 16. Qa4 a6 17. Nxd7 Qxd7 18. Qxc4 axb5 19. Qb3 Qd5 20. Qxd5 Nxd5 21. 0-0 Be7 22. Rab1 Bxa3 23. Ra1 b4 24. Bxa3 Rxa3 25. Rxa3 bxa3 26. Ra1 0-0 27. Rxa3 b5 28. Kf1 b4 29. Rb3 Ra8 30. Nd2 Kf8 31. Ke2 Ke7 32. Kd3 Kd7 33. Kc2 Rc8+ 34. Kb2 Nc3 35. f4 Nd5 36. f5 Rc3 37. Rxb4 Rd3 38. Rb7+ Kc6 39. Nb3 Kxb7 40. Nc5+ Kc6 41. Nxd3 Ne3 42. fxe6 fxe6 43. Nf4 Nxg4 44. Nxe6 Kd5 45. Nxg7 Nxe5 46. dxe5 Kxe5 47. Kc3 Kf4 1/2-1/2

[Event "Heusenstamm Sparkassen op 11th"]
[Site "Heusenstamm"]
[Date "2024.11.23"]
[Round "5"]
[White "Blomer, Moritz"]
[Black "Udelnov, Valentin"]
[Result "1/2-1/2"]
[WhiteElo "1890"]
[BlackElo "1980"]
[PlyCount "48"]
[EventDate "2024.11.21"]
[EventType "swiss"]
[EventRounds "7"]
[EventCountry "GER"]
[SourceTitle "CB51_2024"]
[SourceDate "2024.12.18"]
[SourceVersion "1"]
[SourceVersionDate "2024.12.18"]
[SourceQuality "1"]

1. Nf3 Nf6 2. g3 g6 3. b4 Bg7 4. Bb2 0-0 5. c4 c6 6. Bg2 d5 7. Qc2 Bf5 8. d3 Qb6 9. a3 dxc4 10. Qxc4 a5 11. Bd4 Qa6 12. Qxa6 Rxa6 13. Nbd2 axb4 14. axb4 Rxa1+ 15. Bxa1 Na6 16. b5 cxb5 17. Nd4 Bd7 18. Bxb7 Rb8 19. Bxa6 Ra8 20. 0-0 Rxa6 21. N2b3 Nd5 22. Nc5 Ra7 23. Nxd7 Bxd4 24. Bxd4 Rxd7 1/2-1/2

[Event "Heusenstamm Sparkassen op 11th"]
[Site "Heusenstamm"]
[Date "2024.11.21"]
[Round "1"]
[White "Blomer, Moritz"]
[Black "Toepfer, Albrecht"]
[Result "0-1"]
[WhiteElo "1890"]
[BlackElo "2170"]
[PlyCount "116"]
[EventDate "2024.11.21"]
[EventType "swiss"]
[EventRounds "7"]
[EventCountry "GER"]
[SourceTitle "CB51_2024"]
[SourceDate "2024.12.18"]
[SourceVersion "1"]
[SourceVersionDate "2024.12.18"]
[SourceQuality "1"]

1. Nf3 d5 2. g3 g6 3. Bg2 Bg7 4. d4 Nf6 5. 0-0 0-0 6. c4 c6 7. a4 a5 8. cxd5 Nxd5 9. e4 Nb4 10. Bf4 Bg4 11. Be5 Bxe5 12. dxe5 Qxd1 13. Rxd1 N8a6 14. Nbd2 Nc5 15. h3 Bxf3 16. Bxf3 Rfd8 17. Nc4 Rxd1+ 18. Rxd1 Nxa4 19. Ra1 b5 20. Bd1 Nc5 21. Rxa5 Rxa5 22. Nxa5 Ncd3 23. b3 Nxe5 24. Be2 Nd7 25. Nb7 e5 26. Bd1 Kf8 27. Kf1 Ke7 28. Ke2 Na6 29. Ke3 Ndc5 30. Nxc5 Nxc5 31. f4 f6 32. h4 Kd6 33. f5 g5 34. hxg5 fxg5 35. Kf3 h6 36. Ke3 Nd7 37. Kd3 Nf6 38. Bf3 Kc5 39. Kc3 Kb6 40. Kb4 c5+ 41. Kc3 Ka5 42. g4 Nd7 43. Bd1 Nf6 44. Bf3 Ka6 45. Kc2 Kb6 46. Kd2 b4 47. Kc2 c4 48. bxc4 Kc6 49. Kb2 Kc5 50. Kb3 h5 51. gxh5 g4 52. Bg2 Nxh5 53. Bh1 Nf6 54. Bg2 g3 55. Bh3 Nh5 56. Bg2 Nf4 57. Bf1 g2 58. Bxg2 Nxg2 0-1

[Event "Dortmund Sparkassen op-A 51st"]
[Site "Dortmund"]
[Date "2024.08.15"]
[Round "6"]
[White "Xue, Luka"]
[Black "Blomer, Moritz"]
[Result "1/2-1/2"]
[WhiteElo "1992"]
[BlackElo "1939"]
[PlyCount "59"]
[EventDate "2024.08.10"]
[EventType "swiss"]
[EventRounds "9"]
[EventCountry "GER"]
[SourceTitle "CBM 221 Extra"]
[Source "ChessBase"]
[SourceDate "2024.09.30"]
[SourceVersion "1"]
[SourceVersionDate "2024.09.30"]
[SourceQuality "1"]

1. d4 Nf6 2. c4 g6 3. Nc3 d5 4. Nf3 Bg7 5. cxd5 Nxd5 6. e4 Nxc3 7. bxc3 c5 8. Be3 Qa5 9. Qd2 0-0 10. Be2 Nc6 11. Rd1 Bg4 12. 0-0 Rfd8 13. Qb2 cxd4 14. cxd4 Qb4 15. Qxb4 Nxb4 16. Rb1 Nxa2 17. Rxb7 Nc3 18. Bc4 Rac8 19. Ba6 Rc6 20. Ra1 Bxf3 21. gxf3 Bxd4 22. Bxd4 Rxd4 23. Rxe7 Rd1+ 24. Rxd1 Nxd1 25. Rxa7 Rc2 26. Ra8+ Kg7 27. Rc8 Rxf2 28. Rd8 Ra2 29. Rxd1 Rxa6 30. Kg2 1/2-1/2

[Event "Dortmund Sparkassen op-A 51st"]
[Site "Dortmund"]
[Date "2024.08.12"]
[Round "3"]
[White "Blomer, Moritz"]
[Black "Weisskopf, Lutz"]
[Result "1-0"]
[WhiteElo "1939"]
[BlackElo "2026"]
[PlyCount "97"]
[EventDate "2024.08.10"]
[EventType "swiss"]
[EventRounds "9"]
[EventCountry "GER"]
[SourceTitle "CBM 221 Extra"]
[Source "ChessBase"]
[SourceDate "2024.09.30"]
[SourceVersion "1"]
[SourceVersionDate "2024.09.30"]
[SourceQuality "1"]

1. Nf3 Nf6 2. g3 g6 3. b3 Bg7 4. Bb2 d6 5. d4 c6 6. Bg2 0-0 7. 0-0 Nbd7 8. c4 Re8 9. Nc3 e5 10. e4 exd4 11. Nxd4 Nc5 12. Qc2 Qb6 13. Rfd1 Bg4 14. Rd2 Rad8 15. h3 Bc8 16. Rad1 a5 17. Ba3 Bh6 18. f4 Nh5 19. Nce2 Nxg3 20. Nxg3 Bxf4 21. Nge2 Bxd2 22. Rxd2 Nd7 23. Bxd6 c5 24. Nb5 Ne5 25. Qc3 Qc6 26. Rd5 f6 27. Na7 Qa6 28. Nxc8 Rxc8 29. Bxe5 fxe5 30. Rxe5 Rxe5 31. Qxe5 Qc6 32. Nf4 Kf7 33. Nd5 Qe6 34. Qf4+ Kg7 35. e5 b6 36. Qf6+ Qxf6 37. Nxf6 Kf7 38. Bd5+ Ke7 39. Kg2 h5 40. Kg3 g5 41. Ng8+ Kf8 42. Nf6 Ke7 43. Nxh5 Rd8 44. Nf6 Rh8 45. Ng8+ Kd8 46. e6 Rxg8 47. e7+ Kxe7 48. Bxg8 Kf6 49. Kg4 1-0

[Event "Heusenstamm Sparkassen op-A 9th"]
[Site "Heusenstamm"]
[Date "2023.11.26"]
[Round "6"]
[White "Blomer, Moritz"]
[Black "Weyerer, Noah"]
[Result "1/2-1/2"]
[WhiteElo "1758"]
[BlackElo "1747"]
[PlyCount "37"]
[EventDate "2023.11.23"]
[EventType "swiss"]
[EventRounds "7"]
[EventCountry "GER"]
[SourceTitle "CBM 217 Extra"]
[Source "ChessBase"]
[SourceDate "2024.01.31"]
[SourceVersion "1"]
[SourceVersionDate "2024.01.31"]
[SourceQuality "1"]

1. e4 e6 2. d3 d5 3. Nd2 Nf6 4. Ngf3 b6 5. exd5 exd5 6. d4 Bf5 7. Ne5 a6 8. g4 Bc8 9. Qe2 Be7 10. Bg2 Bb7 11. Nf1 Nc6 12. Nxc6 Bxc6 13. Ne3 Ne4 14. 0-0 0-0 15. Rd1 Bb7 16. c3 Re8 17. Qc2 Bh4 18. f3 Nd6 19. Nf5 1/2-1/2

[Event "Heusenstamm Sparkassen op-A 9th"]
[Site "Heusenstamm"]
[Date "2023.11.25"]
[Round "5"]
[White "Reinecke, Katharina"]
[Black "Blomer, Moritz"]
[Result "1/2-1/2"]
[WhiteElo "1861"]
[BlackElo "1758"]
[PlyCount "85"]
[EventDate "2023.11.23"]
[EventType "swiss"]
[EventRounds "7"]
[EventCountry "GER"]
[SourceTitle "CBM 217 Extra"]
[Source "ChessBase"]
[SourceDate "2024.01.31"]
[SourceVersion "1"]
[SourceVersionDate "2024.01.31"]
[SourceQuality "1"]

1. e4 c6 2. Nf3 d5 3. d3 dxe4 4. dxe4 Qxd1+ 5. Kxd1 Nf6 6. Nfd2 e5 7. f3 Be6 8. Bc4 Bxc4 9. Nxc4 Nfd7 10. a4 f6 11. Ke2 Nb6 12. Nbd2 N8d7 13. a5 Nxc4 14. Nxc4 0-0-0 15. Rd1 Kc7 16. Be3 c5 17. Bf2 Nb8 18. Rxd8 Kxd8 19. b4 cxb4 20. Bxa7 Na6 21. Rd1+ Ke8 22. Nd6+ Bxd6 23. Rxd6 Rf8 24. Kd3 Ke7 25. Rb6 Rd8+ 26. Kc4 Rc8+ 27. Kb3 Rc7 28. Rb5 Rc3+ 29. Kb2 Rc7 30. Rd5 Rc6 31. g3 Rc3 32. Rd3 Rc8 33. f4 Nc5 34. Bxc5+ Rxc5 35. Rb3 Rc4 36. Re3 Rc5 37. Kb3 Rxa5 38. Kxb4 Ra6 39. fxe5 fxe5 40. Rc3 Kd6 41. Rd3+ Ke6 42. Rd8 Rb6+ 43. Kc4 1/2-1/2

[Event "Heusenstamm Sparkassen op-A 9th"]
[Site "Heusenstamm"]
[Date "2023.11.24"]
[Round "3"]
[White "Blomer, Moritz"]
[Black "Wuerl, Roland"]
[Result "1/2-1/2"]
[WhiteElo "1758"]
[BlackElo "1974"]
[PlyCount "35"]
[EventDate "2023.11.23"]
[EventType "swiss"]
[EventRounds "7"]
[EventCountry "GER"]
[SourceTitle "CBM 217 Extra"]
[Source "ChessBase"]
[SourceDate "2024.01.31"]
[SourceVersion "1"]
[SourceVersionDate "2024.01.31"]
[SourceQuality "1"]

1. Nf3 Nf6 2. g3 g6 3. Bg2 Bg7 4. d4 d5 5. 0-0 0-0 6. c4 dxc4 7. Na3 c3 8. bxc3 c5 9. Rb1 Nc6 10. Ne5 Nd5 11. Nxc6 bxc6 12. Qc2 cxd4 13. cxd4 Be6 14. e4 Nb6 15. Rd1 Qc8 16. Be3 Qa6 17. Rd3 Rac8 18. Bf1 1/2-1/2

[Event "Heusenstamm Sparkassen op 8th"]
[Site "Heusenstamm"]
[Date "2022.11.19"]
[Round "5"]
[White "Blomer, Moritz"]
[Black "Mohr, Thomas"]
[Result "1-0"]
[WhiteElo "1614"]
[BlackElo "1886"]
[PlyCount "65"]
[EventDate "2022.11.17"]
[EventType "swiss"]
[EventRounds "7"]
[EventCountry "GER"]
[SourceTitle "CBM 212 Extra"]
[Source "ChessBase"]
[SourceDate "2023.03.31"]
[SourceVersion "1"]
[SourceVersionDate "2023.03.31"]
[SourceQuality "1"]

1. Nf3 Nf6 2. g3 g6 3. Bg2 Bg7 4. 0-0 0-0 5. d4 c6 6. c4 d5 7. b3 e6 8. Bb2 b6 9. Ne5 Bb7 10. Nd2 Nbd7 11. Ndf3 Nxe5 12. Nxe5 Nd7 13. Qc2 Nxe5 14. dxe5 f6 15. exf6 Bxf6 16. Rad1 Qe7 17. e4 Bxb2 18. Qxb2 dxc4 19. bxc4 c5 20. e5 Bxg2 21. Kxg2 Rad8 22. Qe2 Rxd1 23. Rxd1 Rd8 24. Rd3 Rxd3 25. Qxd3 g5 26. h3 Kf8 27. Kf1 Qb7 28. Qd8+ Kf7 29. Qf6+ Kg8 30. Qxg5+ Kh8 31. Qf6+ Kg8 32. Qxe6+ Kh8 33. Qd5 1-0

[Event "Heusenstamm Sparkassen op 8th"]
[Site "Heusenstamm"]
[Date "2022.11.18"]
[Round "3"]
[White "Blomer, Moritz"]
[Black "Von Auer, Ulrich"]
[Result "0-1"]
[WhiteElo "1614"]
[BlackElo "2025"]
[PlyCount "84"]
[EventDate "2022.11.17"]
[EventType "swiss"]
[EventRounds "7"]
[EventCountry "GER"]
[SourceTitle "CBM 212 Extra"]
[Source "ChessBase"]
[SourceDate "2023.03.31"]
[SourceVersion "1"]
[SourceVersionDate "2023.03.31"]
[SourceQuality "1"]

1. Nf3 Nf6 2. g3 d5 3. Bg2 e6 4. 0-0 Be7 5. d4 0-0 6. c4 dxc4 7. Nc3 Nc6 8. e4 Rb8 9. Bg5 h6 10. Bxf6 Bxf6 11. e5 Be7 12. Qd2 Nb4 13. h4 Bd7 14. Rad1 Bc6 15. a3 Nd5 16. Ne4 f5 17. Nc3 b5 18. Ne2 Rf7 19. h5 Rf8 20. Nf4 Nxf4 21. Qxf4 Qe8 22. g4 fxg4 23. Qxg4 Bd5 24. Ne1 Rf5 25. Bxd5 Rg5 26. Bxe6+ Kh8 27. Qxg5 Bxg5 28. Bg4 b4 29. f4 Be7 30. axb4 Bxb4 31. f5 c5 32. Ng2 cxd4 33. Nh4 Bc5 34. f6 d3+ 35. Kh1 Qc6+ 36. Kh2 Rxb2+ 37. Kh3 Qe4 38. f7 Rh2+ 39. Kxh2 Qxg4 40. Ng6+ Kh7 41. f8N+ Kg8 42. e6 Bd6+ 0-1

[Event "GER-ch Net blitz qual4"]
[Site "Playchess.com INT"]
[Date "2021.05.10"]
[Round "4"]
[White "Blomer, Moritz"]
[Black "Lachmann, Utz"]
[Result "1-0"]
[WhiteElo "1656"]
[BlackElo "1883"]
[PlyCount "65"]
[EventDate "2021.05.10"]
[EventType "swiss (blitz)"]
[EventRounds "11"]
[EventCountry "GER"]
[SourceTitle "CBM 202 Extra"]
[Source "ChessBase"]
[SourceDate "2021.07.31"]
[SourceVersion "1"]
[SourceVersionDate "2021.07.31"]
[SourceQuality "1"]

1. d4 f5 2. e4 fxe4 3. f3 e3 4. Bxe3 Nf6 5. Nc3 d5 6. Qd2 Nc6 7. 0-0-0 e6 8. Nh3 Bd6 9. Bb5 0-0 10. Nf4 a6 11. Bxc6 bxc6 12. g4 Rb8 13. g5 Bxf4 14. Bxf4 Nh5 15. Be5 Qe7 16. Na4 Rxf3 17. Nc5 Bd7 18. Rhf1 Rbf8 19. Bf6 R3xf6 20. gxf6 Rxf6 21. Qe2 Nf4 22. Qe5 Ng6 23. Qxc7 e5 24. Qxd7 Qf8 25. Rxf6 Qxf6 26. Qe6+ Qxe6 27. Nxe6 Kf7 28. Ng5+ Kf6 29. Nxh7+ Kf5 30. dxe5 Nxe5 31. Kd2 Ke4 32. Ke2 c5 33. c3 1-0

[Event "GER-ch Net blitz qual2"]
[Site "Playchess.com INT"]
[Date "2021.05.04"]
[Round "4"]
[White "Blomer, Moritz"]
[Black "Blum, Frederik"]
[Result "0-1"]
[WhiteElo "1557"]
[BlackElo "1903"]
[PlyCount "24"]
[EventDate "2021.05.04"]
[EventType "swiss (blitz)"]
[EventRounds "11"]
[EventCountry "GER"]
[SourceTitle "CBM 202 Extra"]
[Source "ChessBase"]
[SourceDate "2021.07.31"]
[SourceVersion "1"]
[SourceVersionDate "2021.07.31"]
[SourceQuality "1"]

1. d4 Nf6 2. Nc3 d5 3. Bf4 c5 4. e3 cxd4 5. exd4 a6 6. Bd3 Nc6 7. Nge2 e6 8. Qd2 Bd6 9. f3 Qc7 10. g4 Bxf4 11. Nxf4 Nxd4 12. g5 Nxf3+ 0-1

[Event "GER-ch Net blitz qual2"]
[Site "Playchess.com INT"]
[Date "2021.05.04"]
[Round "2"]
[White "Blomer, Moritz"]
[Black "Dettmer, Niels"]
[Result "1-0"]
[WhiteElo "1557"]
[BlackElo "1728"]
[PlyCount "63"]
[EventDate "2021.05.04"]
[EventType "swiss (blitz)"]
[EventRounds "11"]
[EventCountry "GER"]
[SourceTitle "CBM 202 Extra"]
[Source "ChessBase"]
[SourceDate "2021.07.31"]
[SourceVersion "1"]
[SourceVersionDate "2021.07.31"]
[SourceQuality "1"]

1. d4 g6 2. Nc3 Bg7 3. Bf4 d6 4. e4 Nd7 5. Nf3 e5 6. Be3 Ngf6 7. Bd3 c6 8. 0-0 0-0 9. Ne2 d5 10. exd5 e4 11. dxc6 bxc6 12. Ne1 exd3 13. Nxd3 Nd5 14. Qd2 N7f6 15. Ng3 Nxe3 16. fxe3 Re8 17. Rae1 Ne4 18. Nxe4 Rxe4 19. Nc5 Re8 20. Qf2 Qe7 21. c3 Rb8 22. e4 Rb5 23. b4 a5 24. a3 axb4 25. axb4 Be6 26. Qd2 Bc4 27. Rf2 Rbb8 28. d5 cxd5 29. exd5 Qc7 30. d6 Qc6 31. d7 Rf8 32. Re7 1-0

[Event "GER-ch Net blitz qual2"]
[Site "Playchess.com INT"]
[Date "2021.05.04"]
[Round "10"]
[White "Blomer, Moritz"]
[Black "Eichner, Christian"]
[Result "1-0"]
[WhiteElo "1557"]
[BlackElo "1695"]
[PlyCount "49"]
[EventDate "2021.05.04"]
[EventType "swiss (blitz)"]
[EventRounds "11"]
[EventCountry "GER"]
[SourceTitle "CBM 202 Extra"]
[Source "ChessBase"]
[SourceDate "2021.07.31"]
[SourceVersion "1"]
[SourceVersionDate "2021.07.31"]
[SourceQuality "1"]

1. d4 Nf6 2. Nc3 d5 3. Bf4 g6 4. e3 Bg7 5. f3 0-0 6. Nge2 c5 7. dxc5 Qa5 8. g4 Nc6 9. Nd4 Qxc5 10. Nb3 Qb6 11. g5 Nh5 12. Nxd5 Qd8 13. Bc7 Qe8 14. c3 Be6 15. e4 Rc8 16. Bg3 Bxd5 17. exd5 Ne5 18. Qe2 Nxg3 19. hxg3 Qa4 20. Rh4 Qd7 21. Re4 f5 22. Rxe5 Bxe5 23. Qxe5 e6 24. dxe6 Qa4 25. Bb5 1-0